000 01122cab a2200337 4500
001 ABS49401
008 090401t1993 xxu||||| |||| 00| 0 eng d
035 _a(Sirsi) u71095
041 _aeng
245 _aAlternative land use
260 _c1993
300 _aLOAN
350 _a0
490 _aFarm Development Review
_v7(11) September 1993 (8)
520 _aComments on a DoE consultation paper on permitted development rights for temporary uses, assesses prospects for new woodlands with aim from the Woodland Grant and Farm Woodland Premium Schemes, features tourist attractions in Essex and discusses the revision of Assisted Areas grants.
650 _aBOOT SALES
650 _aCLAY PIGEON SHOOTING
650 _aDIVERSIFICATIN SCHEMS
650 _aFARM WOODLAND PREMIUM SCHEME
650 _aHELICOPTER
650 _aMOTOR SPORTS
650 _aOUTDOOR MARKETS
650 _aPLANTING
650 _aSITES OF SPECIAL SCIENTIFIC INTEREST
650 _aTOURISM
650 _aWAR GAMES
650 _aWOODLAND GRANT SCHEMES
690 _aRURAL PRACTICE
942 _n0
948 _c04/03/1997
999 _c44788
_d44788